市町村名50音順最初の50自治体 - Statistics

General Stats
  • This quiz has been taken 1,327 times
  • The average score is 29 of 51
Answer Stats
都道府県 市町村 % Correct
兵庫県 相生市
92%
福島県 会津若松市
79%
秋田県 秋田市
79%
青森県 青森市
78%
東京都 あきる野市
76%
神奈川県 愛川町
74%
広島県 安芸高田市
71%
兵庫県 明石市
69%
愛知県 愛西市
68%
高知県 安芸市
68%
兵庫県 赤穂市
66%
福島県 会津坂下町
65%
千葉県 旭市
65%
東京都 青ヶ島村
64%
兵庫県 芦屋市
63%
東京都 昭島市
62%
三重県 朝日町
61%
山形県 朝日町
61%
富山県 朝日町
61%
愛媛県 愛南町
59%
鹿児島県 姶良市
59%
埼玉県 朝霞市
59%
福岡県 赤村
58%
北海道 旭川市
58%
福島県 会津美里町
57%
新潟県 阿賀野市
57%
栃木県 足利市
57%
滋賀県 愛荘町
56%
鹿児島県 阿久根市
55%
兵庫県 朝来市
55%
北海道 芦別市
55%
北海道 赤平市
53%
徳島県 藍住町
52%
岡山県 赤磐市
52%
長野県 青木村
51%
新潟県 阿賀町
51%
北海道 愛別町
50%
広島県 安芸太田町
50%
福岡県 朝倉市
50%
北海道 赤井川村
47%
岡山県 浅口市
47%
愛知県 阿久比町
44%
熊本県 あさぎり町
44%
埼玉県 上尾市
43%
福岡県 芦屋町
42%
長野県 朝日村
41%
熊本県 芦北町
40%
福島県 浅川町
39%
青森県 鰺ヶ沢町
39%
沖縄県 粟国村
36%
長野県 上松町
32%
No matching quizzes found
Score Distribution
Percent of People with Each Score
Percentile by Number Answered
Your Score History
You have not taken this quiz